日本の湖沼の面積ランキング TOP20 - Statistics

General Stats
  • This quiz has been taken 53 times
  • The average score is 14 of 20
Answer Stats
順位 都道府県 面積(㎢) Answer % Correct
1位 滋賀県 669.26 琵琶湖
100%
2位 茨城県 168.10 霞ヶ浦
100%
3位 北海道 151.59 サロマ湖
96%
4位 福島県 103.24 猪苗代湖
96%
9位 北海道 70.72 洞爺湖
96%
7位 島根県 79.25 宍道湖
92%
12位 青森県・秋田県 61.10 十和田湖
86%
19位 秋田県 25.75 田沢湖
86%
10位 静岡県 64.92 浜名湖
84%
5位 鳥取県・島根県 85.74 中海
78%
6位 北海道 79.54 屈斜路湖
76%
18位 秋田県 31.50 八郎潟調整池
67%
8位 北海道 78.48 支笏湖
65%
15位 茨城県 35.03 北浦
61%
20位 北海道 19.22 摩周湖
61%
11位 青森県 61.98 小川原湖
45%
17位 北海道 32.28 網走湖
37%
14位 北海道 58.20 能取湖
35%
13位 北海道 59.01 風蓮湖
29%
16位 北海道 32.31 厚岸湖
22%
No matching quizzes found
Score Distribution
Percent of People with Each Score
Percentile by Number Answered
Your Score History
You have not taken this quiz